60 y algo más / (Record no. 124744)

MARC details
000 -CABECERA
campo de control de longitud fija 00723nam a2200229 u 4500
005 - FECHA Y HORA DE LA ÚLTIMA TRANSACCIÓN
campo de control 20250430063806.0
008 - ELEMENTOS DE LONGITUD FIJA--INFORMACIÓN GENERAL
campo de control de longitud fija 071005s2005 cl r 000 0 spa d
020 ## - NÚMERO INTERNACIONAL NORMALIZADO PARA LIBROS
Número Internacional Estándar del Libro 9806915186
035 ## - NÚMERO DE CONTROL DEL SISTEMA
Número de control de sistema UPN01000152621
049 ## - COLECCIÓN
Colección I
050 #4 - SIGNATURA TOPOGRÁFICA DE LA BIBLIOTECA DEL CONGRESO
Número de clasificación PZ78
Número de documento/Ítem Q8.74
100 1# - ASIENTO PRINCIPAL--NOMBRE PERSONAL
Nombre de persona Quintero Laplume, Armando
245 10 - MENCIÓN DE TÍTULO
Título 60 y algo más /
Mención de responsabilidad, etc. Armando Quintero Laplume ; il. Francisco Viloria.
260 ## - PUBLICACIÓN, DISTRIBUCIÓN, ETC.
Lugar de publicación, distribución, etc. Bogotá :
Nombre del editor, distribuidor, etc. El Nacional,
Fecha de publicación, distribución, etc. c2005.
300 ## - DESCRIPCIÓN FÍSICA
Extensión 31 p. :
Otras características físicas principalmente il. col.
440 #0 - MENCIÓN DE SERIE/ASIENTO SECUNDARIO--TÍTULO
Título Brújula de papel.
Nombre de parte o sección de la obra Ciencias sociales ;
Designación de volumen o secuencia 19
650 #4 - ASIENTO SECUNDARIO DE MATERIA - TERMINO TEMATICO
Término de materia o nombre geográfico como elemento de entrada LITERATURA INFANTIL VENEZOLANA
9 (RLIN) 12650
651 #4 - ASIENTO SECUNDARIO DE MATERIA - NOMBRE GEOGRAFICO
Nombre geográfico Venezuela
Subdivisión general Historia
9 (RLIN) 12501
650 #4 - ASIENTO SECUNDARIO DE MATERIA - TERMINO TEMATICO
Término de materia o nombre geográfico como elemento de entrada Periodismo
9 (RLIN) 10230
700 1# - ASIENTO SECUNDARIO--NOMBRE DE PERSONAL
Nombre de persona Viloria, Francisco,
Término indicativo de función/relación il.
905 ## - TIPO DE MATERIAL
Tipo de material Infantil
Holdings
Estado de retiro Estado de pérdida Fuente del sistema de clasificación o colocación Estado dañado No para préstamo Código de colección Localización permanente Ubicación/localización actual Ubicación en estantería Fecha de adquisición Clasificación Código de barras Fecha visto por última vez Número de copia Tipo de ítem Koha
    Library of Congress Classification     Infantil Bib. Gregorio Torres Quintero Bib. Gregorio Torres Quintero Sala infantil Planta baja 10/05/2023 PZ78 Q8.74 255143 31/12/2020 1 Libro